| 000 | 00725nam a22002537a 4500 | ||
|---|---|---|---|
| 005 | 20170124110001.0 | ||
| 010 | _a916951 | ||
| 020 | _c00.00 | ||
| 035 | _a916951 | ||
| 037 | _bCen Lib/Ret | ||
| 040 |
_aDPL _bEN |
||
| 082 |
_a301.34 _bUDE |
||
| 100 |
_aUdeshi, J.J. _915726 |
||
| 245 |
_aCommunity development : _cby J.J. Udeshi _bcosts and benefits / |
||
| 246 | _b | ||
| 260 |
_bBombay university press _aBombay _c1973 |
||
| 270 | _bBombay | ||
| 300 |
_a237p. _c21cm(Hb) |
||
| 490 | _aUnivarsity of Bombay publicatioans economics series No.22 | ||
| 500 | _aIncludes index | ||
| 650 |
_aSocial problems _987398 |
||
| 650 |
_aCommunity development _987399 |
||
| 942 |
_2ddc _cEN _h301.34 _mUDE |
||
| 999 |
_c125852 _d125852 |
||